Lexique théatrale - Statistiques

Statistiques générales
  • Ce quiz a été pris 53 fois
  • Le résultat moyen est 8 sur 14
Statistiques - réponses
Hint Réponse % Correct
Indications en italique sur le jeu, les personnages, les déplacements. Didascalies
93%
découpage d'une pièce en... acte
89%
Personne qui dirige la représentation sur scène d'une œuvre Metteur en scène
85%
longue réplique d'un personnage tirade
85%
Auteur d'une pièce de théatre Dramaturge
83%
division d'(réponse du dessus) en... scène
83%
réplique d'un personnage sans que les autres l'entende aparté
54%
résolution finale des conflits dénouement
43%
moment de l'intrique où la situation semble bloquée noeud
43%
prise de parole brève d'un personnage réplique
39%
scène au début avec pour but d'expliquer le contexte de l'histoire aux spectateurs exposition
37%
niveau de communication s'adressant à deux destinataires distincts (public et personnages) double énonciation
24%
retournement inattendu de situation coup de théatre
22%
alternance de répliques brèves stichomythie
15%
Aucun quiz correspondant
Distribution des résultats
% des personnes avec chaque résultat
Percentile par nombre de réponses
Votre historique - résultats
Vous n’avez pas pris ce quiz